000 00505nam a2200205Ia 4500
003 OSt
005 20221005133439.0
006 a|||||r|||| 00| 0
007 ta
008 221004b |||||||| |||| 00| 0 eng d
024 _a112319
037 _cTextual
040 _aCRL
_cCRL
_beng
041 _2eng
_aeng
110 _aWorld unity public co. New York
_9642436
245 0 _aWorld Unity
700 _aWorld unity public co. New York
_9642437
942 _cTEXL
_2cc
999 _c1066858
_d1066858